Technical demography (Record no. 5684)

000 -LEADER
fixed length control field 00544nam a2200193 4500
003 - CONTROL NUMBER IDENTIFIER
control field OSt
005 - DATE AND TIME OF LATEST TRANSACTION
control field 20220707070415.0
008 - FIXED-LENGTH DATA ELEMENTS--GENERAL INFORMATION
fixed length control field 220607b ||||| |||| 00| 0 eng d
020 ## - INTERNATIONAL STANDARD BOOK NUMBER
International Standard Book Number 0852267436
040 ## - CATALOGING SOURCE
Transcribing agency ALUPE UNIVERSITY
050 ## - LIBRARY OF CONGRESS CALL NUMBER
Classification number HB849
Item number .R36 1986
100 ## - MAIN ENTRY--PERSONAL NAME
Personal name Ramakumar,R.
245 ## - TITLE STATEMENT
Title Technical demography
Statement of responsibility, etc. By R.Ramakumar
260 ## - PUBLICATION, DISTRIBUTION, ETC.
Place of publication, distribution, etc. New Delhi :
Name of publisher, distributor, etc. Wiley Eastern Limited,
Date of publication, distribution, etc. c1986
300 ## - PHYSICAL DESCRIPTION
Extent viii, 219p.
Dimensions 24cm
500 ## - GENERAL NOTE
General note Includes index
650 ## - SUBJECT ADDED ENTRY--TOPICAL TERM
Topical term or geographic name entry element Demography. Population. Démographie.
942 ## - ADDED ENTRY ELEMENTS (KOHA)
Source of classification or shelving scheme
Koha item type Book
Suppress in OPAC AB
Holdings
Withdrawn status Lost status Source of classification or shelving scheme Damaged status Not for loan Permanent Location Current Location Shelving location Date acquired Source of acquisition Total Checkouts Full call number Barcode Date last seen Price effective from Koha item type Public note
          AU LIBRARY AU LIBRARY Open Shelf 07.06.2022 DONATION FROM MOI UNIVERSITY   HB849 .R36 1986 28011925 07.06.2022 07.06.2022 Book AB

Powered by Koha